00682nam a2200133Ia 4500020002300000082002100023245006200044260002800106440004500134500030300179650002800482700001800510700002000528 a0-415-41166-1(set) aRR 306.4812 LEI- 0aLeisure studies: critical concepts in the social sciences aLondonbRoutledgec2007 aCritical concepts in the social sciences aContents : - Vol. 1. (Evolution of leisure as a subject: landmark studies and disciplinary contributions), (xxv, 517), - v. 2.(Leisure, space and place), (x, 505), - v. 3. (Leisure, participation and society), (x, 410), - v. 4. (Managing leisure resources: policy, planning and practice), (x, 339). aLeisurevSocial aspects aPage, Stephen aConnell, Joanne